000 00451nam a2200181Ia 4500
008 131103s9999 xx 000 0 und d
040 _aLoreto College
041 _aEnglish
082 _a370.15/SUL
_bLCLIB(press)/
100 _aSully, James
245 4 _aThe human mind
_cJames Sully
260 _aLondon
_bLongmans
_c1892
300 _aV.2
_c 22cm.
650 _aEducation
651 _aHuman mind
850 _aLCLIB/370.15/SUL
942 _cBK
999 _c24783
_d75262